00439nam a2200109Ia 4500008004100000245006500041260000900106300009800115650002500213999001900238952007200257180130s9999 xx 000 0 und d cKapoor, Bhushan (PhD); Pandya, Pramod (PhD)aData encryption c2013 aBook title: Computer and information security handbook--Acession number C20545; pages 663-688 aINFORMATION SECURITY c354160d354160 001040aCLbCLd2018-01-30l0r2018-01-30 00:00:00w2018-01-30yBC